<?xml version="1.0" encoding="UTF-8"?>
<record
    xmlns:xsi="http://www.w3.org/2001/XMLSchema-instance"
    xsi:schemaLocation="http://www.loc.gov/MARC21/slim http://www.loc.gov/standards/marcxml/schema/MARC21slim.xsd"
    xmlns="http://www.loc.gov/MARC21/slim">

  <leader>00425nam a2200157Ia 4500</leader>
  <controlfield tag="008">230917s9999||||xx |||||||||||||| ||und||</controlfield>
  <datafield tag="040" ind1=" " ind2=" ">
    <subfield code="e">175153</subfield>
    <subfield code="a">MAIN</subfield>
  </datafield>
  <datafield tag="041" ind1=" " ind2=" ">
    <subfield code="a">English</subfield>
  </datafield>
  <datafield tag="082" ind1=" " ind2=" ">
    <subfield code="a">574.1925 P182E(2)</subfield>
  </datafield>
  <datafield tag="100" ind1=" " ind2=" ">
    <subfield code="a">Palmer, Trevor</subfield>
  </datafield>
  <datafield tag="245" ind1=" " ind2="0">
    <subfield code="a">Enzymes: Biochemistry, biotechnology, and clinical chemistry</subfield>
  </datafield>
  <datafield tag="250" ind1=" " ind2=" ">
    <subfield code="a">2nd ed.</subfield>
  </datafield>
  <datafield tag="260" ind1=" " ind2=" ">
    <subfield code="a">New Delhi</subfield>
    <subfield code="b">East-West Press</subfield>
    <subfield code="c">2008</subfield>
  </datafield>
  <datafield tag="300" ind1=" " ind2=" ">
    <subfield code="a">xiv, 416 p.</subfield>
  </datafield>
  <datafield tag="942" ind1=" " ind2=" ">
    <subfield code="c">BK</subfield>
  </datafield>
  <datafield tag="952" ind1=" " ind2=" ">
    <subfield code="0">0</subfield>
    <subfield code="1">0</subfield>
    <subfield code="4">0</subfield>
    <subfield code="6">574_192500000000000_P182E2</subfield>
    <subfield code="7">0</subfield>
    <subfield code="9">244275</subfield>
    <subfield code="a">MAIN</subfield>
    <subfield code="b">MAIN</subfield>
    <subfield code="d">2010-01-19</subfield>
    <subfield code="l">0</subfield>
    <subfield code="o">574.1925 P182E(2)</subfield>
    <subfield code="p">271051</subfield>
    <subfield code="r">2023-09-17 21:35:04</subfield>
    <subfield code="w">2023-09-17</subfield>
    <subfield code="y">BK</subfield>
  </datafield>
  <datafield tag="952" ind1=" " ind2=" ">
    <subfield code="0">0</subfield>
    <subfield code="1">0</subfield>
    <subfield code="4">0</subfield>
    <subfield code="6">574_192500000000000_P182E2</subfield>
    <subfield code="7">0</subfield>
    <subfield code="9">244276</subfield>
    <subfield code="a">MAIN</subfield>
    <subfield code="b">MAIN</subfield>
    <subfield code="d">2010-01-19</subfield>
    <subfield code="l">0</subfield>
    <subfield code="o">574.1925 P182E(2)</subfield>
    <subfield code="p">271052</subfield>
    <subfield code="r">2023-09-17 21:35:04</subfield>
    <subfield code="w">2023-09-17</subfield>
    <subfield code="y">BK</subfield>
  </datafield>
  <datafield tag="952" ind1=" " ind2=" ">
    <subfield code="0">0</subfield>
    <subfield code="1">0</subfield>
    <subfield code="4">0</subfield>
    <subfield code="6">574_192500000000000_P182E2</subfield>
    <subfield code="7">0</subfield>
    <subfield code="9">244277</subfield>
    <subfield code="a">MAIN</subfield>
    <subfield code="b">MAIN</subfield>
    <subfield code="d">2010-01-19</subfield>
    <subfield code="l">0</subfield>
    <subfield code="o">574.1925 P182E(2)</subfield>
    <subfield code="p">271053</subfield>
    <subfield code="r">2023-09-17 21:35:04</subfield>
    <subfield code="w">2023-09-17</subfield>
    <subfield code="y">BK</subfield>
  </datafield>
  <datafield tag="952" ind1=" " ind2=" ">
    <subfield code="0">0</subfield>
    <subfield code="1">0</subfield>
    <subfield code="4">0</subfield>
    <subfield code="6">574_192500000000000_P182E2</subfield>
    <subfield code="7">0</subfield>
    <subfield code="9">244278</subfield>
    <subfield code="a">MAIN</subfield>
    <subfield code="b">MAIN</subfield>
    <subfield code="d">2010-01-19</subfield>
    <subfield code="l">0</subfield>
    <subfield code="o">574.1925 P182E(2)</subfield>
    <subfield code="p">283567</subfield>
    <subfield code="r">2023-09-17 21:35:04</subfield>
    <subfield code="w">2023-09-17</subfield>
    <subfield code="y">BK</subfield>
  </datafield>
  <datafield tag="952" ind1=" " ind2=" ">
    <subfield code="0">0</subfield>
    <subfield code="1">0</subfield>
    <subfield code="4">0</subfield>
    <subfield code="6">574_192500000000000_P182E2</subfield>
    <subfield code="7">0</subfield>
    <subfield code="9">244279</subfield>
    <subfield code="a">MAIN</subfield>
    <subfield code="b">MAIN</subfield>
    <subfield code="d">2010-01-19</subfield>
    <subfield code="l">0</subfield>
    <subfield code="o">574.1925 P182E(2)</subfield>
    <subfield code="p">283568</subfield>
    <subfield code="r">2023-09-17 21:35:04</subfield>
    <subfield code="w">2023-09-17</subfield>
    <subfield code="y">BK</subfield>
  </datafield>
  <datafield tag="952" ind1=" " ind2=" ">
    <subfield code="0">0</subfield>
    <subfield code="1">0</subfield>
    <subfield code="4">0</subfield>
    <subfield code="6">574_192500000000000_P182E2</subfield>
    <subfield code="7">0</subfield>
    <subfield code="9">244280</subfield>
    <subfield code="a">MAIN</subfield>
    <subfield code="b">MAIN</subfield>
    <subfield code="d">2010-01-19</subfield>
    <subfield code="l">0</subfield>
    <subfield code="o">574.1925 P182E(2)</subfield>
    <subfield code="p">283569</subfield>
    <subfield code="r">2023-09-17 21:35:04</subfield>
    <subfield code="w">2023-09-17</subfield>
    <subfield code="y">BK</subfield>
  </datafield>
  <datafield tag="952" ind1=" " ind2=" ">
    <subfield code="0">0</subfield>
    <subfield code="1">0</subfield>
    <subfield code="4">0</subfield>
    <subfield code="6">574_192500000000000_P182E2</subfield>
    <subfield code="7">0</subfield>
    <subfield code="9">244281</subfield>
    <subfield code="a">MAIN</subfield>
    <subfield code="b">MAIN</subfield>
    <subfield code="d">2010-01-19</subfield>
    <subfield code="l">1</subfield>
    <subfield code="o">574.1925 P182E(2)</subfield>
    <subfield code="p">283570</subfield>
    <subfield code="r">2025-05-03 12:39:29</subfield>
    <subfield code="s">2025-04-07</subfield>
    <subfield code="w">2023-09-17</subfield>
    <subfield code="y">BK</subfield>
  </datafield>
  <datafield tag="952" ind1=" " ind2=" ">
    <subfield code="0">0</subfield>
    <subfield code="1">0</subfield>
    <subfield code="4">0</subfield>
    <subfield code="6">574_192500000000000_P182E2</subfield>
    <subfield code="7">0</subfield>
    <subfield code="9">244282</subfield>
    <subfield code="a">MAIN</subfield>
    <subfield code="b">MAIN</subfield>
    <subfield code="d">2010-01-19</subfield>
    <subfield code="l">0</subfield>
    <subfield code="o">574.1925 P182E(2)</subfield>
    <subfield code="p">283571</subfield>
    <subfield code="r">2023-09-17 21:35:04</subfield>
    <subfield code="w">2023-09-17</subfield>
    <subfield code="y">BK</subfield>
  </datafield>
  <datafield tag="952" ind1=" " ind2=" ">
    <subfield code="0">0</subfield>
    <subfield code="1">0</subfield>
    <subfield code="4">0</subfield>
    <subfield code="6">574_192500000000000_P182E2</subfield>
    <subfield code="7">0</subfield>
    <subfield code="9">244283</subfield>
    <subfield code="a">MAIN</subfield>
    <subfield code="b">MAIN</subfield>
    <subfield code="c">UIET</subfield>
    <subfield code="d">2010-01-19</subfield>
    <subfield code="l">0</subfield>
    <subfield code="o">574.1925 P182E(2)</subfield>
    <subfield code="p">289645</subfield>
    <subfield code="r">2023-09-17 21:35:04</subfield>
    <subfield code="w">2023-09-17</subfield>
    <subfield code="y">BK</subfield>
  </datafield>
  <datafield tag="999" ind1=" " ind2=" ">
    <subfield code="c">149806</subfield>
    <subfield code="d">149806</subfield>
  </datafield>
</record>
